Дело о службе члена Государственного совета, действительного тайного советника Петра Григорьевича Редкина

RUSMARC
00005168cbc2a2200000#x 450
0014ee17811-92da-4f98-94d2-3c30530efe0f
00520230804101201.0
100##$a20170918l18821891k l0rusy0189 ca
1010#$arus
102##$aRU
2001#$aДело о службе члена Государственного совета, действительного тайного советника Петра Григорьевича Редкина
$j29 января 1882 г. - 17 апреля 1891 г.
251##$cДело
330##$aПо отделению дел государственного секретаря
801#0$aRU
$bРГИА
$c20170918
801#1$aRU
$bГлавНИВЦ
$c20170918
$2rusmarc
801#2$aRU
$bПБ им. Б.Н. Ельцина
$c20190222
$gRCR
$2rusmarc
850##$aФедеральное казенное учреждение "Российский государственный исторический архив"
852##$aРГИА
$j446
937##$hРГИА
$d12269814
$aASBIBLIO_SCAN
462#0$100184dc0777-8539-4146-baa0-e467fb9946e7
$12001
$aЛичные дела членов Государственного совета по назначению и по выборам
$vД. 446
$1251
$cОпись
$1852
$j6
461#0$10014fa2af93-39a9-4ff9-a461-614153062e91
$12001
$aГосударственная канцелярия Государственного совета
$1251
$cФонд
$1852
$j1162
215##$a58 листов
$d36,5х26 см
371##$aДокумент не является опубликованным и широко распространяемым
105##$ay###
1222#$ad18820129##
$ad18910417##
035##$a4ee17811-92da-4f98-94d2-3c30530efe0f
856##$uhttp://readingroom.main.prlib.ru/item.aspx?id_node=n125939300&mode=full
600#1$2prlib_sh
$3LIBNET\UAF\0000107894
$aРедкин
$bП. Г.
$f1808-1891
$gПетр Григорьевич
$jАрхивные дела
605##$2acquisition_Prlib
$3LIBNET\UAF\0000107109
$aИстория образования в России
$lколлекция
605##$2acquisition_Prlib
$3DITM\AF\0000002775
$aВласть
$lколлекция
686##$2rubbk
$a63.3(2)52-8ю1
$vLBC/M
300##$aРукописный текст. Чернила
300##$aОригинальный заголовок дела: Дело о службе члена Государственного совета, действительного тайного советника Редкина
5171#$aДело о службе члена Государственного совета, действительного тайного советника Редкина
Формат отображения